Представление документа в формате MARC21

Поле Инд. ПП Название Значение
Тип записи a
Библиографический уровень m
001 Контрольный номер RU/IS/BASE/485624754
005 Дата корректировки 20260601120140.5
097 b Оператор *Ольга*
100 1_ a Автор Перепелица Н.М.
245 10 a Заглавие Управление государственными закупками : методические указания по выполнению курсовой работы (направление 081100.68 Государственное и муниципальное управление)
c Ответственность Тверской гос. техн. ун-т, Каф. МЕН
b Продолж. заглавия в составе учебно-методического комплекса
260 a Место издания Тверь
b Издательство ТвГТУ
c Дата издания 2013
440 _0 a Серия УМК-КП
500 a Примечание 20/2015
516 8_ a Прим. о типе комп. файла/ данных Текст : электронный
535 1_ a Хранилище Сервер
583 a Действие Приписка : УМК
773 18 w Контрольный № источника RU/IS/BASE/485624214
w Контрольный № источника 26b64614e0f544fbb25626e1b23bbc6c
900 a Имя макрообъекта 001-000108718-000000000-0000-0000-02
905 a Дата создания записи 22.05.15
c Дата приписки 01.06.26
922 c Кафедра Менеджмент
951 i EL-ТГТУ? Да
952 g 1
a Тип литературы для КСУ ВШ М
990 j Количество экземпляров (DOS) 1